000
00276nam a22001337a 4500
008
170714b xxu||||| |||| 00| 0 eng d
020
_a
067470066X
041
_a
eng
080
_a
101
100
_a
24
101
_a
FIL
245
_a
PREJUDICES
_c
NISBET, R
942
_2
udc
_c
BK
999
_c
20812
_d
20812